Statistics for Flags of Caribbean Countries and Territories

Click here to take the quiz!

General Stats

  • This quiz has been taken 1,081 times
  • The average score is 20 of 31

Answer Stats

Answer% Correct
Barbados
98%
Antigua and Barbuda
91%
Puerto Rico
90%
Jamaica
86%
Bahamas
82%
Cuba
81%
Trinidad and Tobago
81%
Dominica
80%
Haiti
80%
Dominican Republic
79%
Grenada
79%
Saint Lucia
79%
Saint Kitts and Nevis
76%
Saint Vincent and the Grenadines
76%
US Virgin Islands
68%
British Virgin Islands
65%
Aruba
63%
Martinique
57%
Curaçao
56%
Montserrat
53%
Anguilla
52%
Bonaire
52%
Turks and Caicos Islands
51%
Cayman Islands
50%
Guadeloupe
50%
Sint Maarten
49%
Saba
41%
Saint Barthélemy
37%
Saint Martin
36%
Sint Eustatius
33%
Navassa Island
27%

Score Distribution

Percentile by Number Answered

Percent of People with Each Score

Your Score History

You have not taken this quiz